000 00386nam a2200133Ia 4500
008 220217s9999||||xx |||||||||||||| ||und||
020 _a81-7867-021-6
082 _a621.382 PLO
100 _aPlonus, Martin
_91897
245 0 _aElectronics and communications : for scientists and engineer
260 _aHarcourt
_bNew Delhi
_c2001
300 _b0
650 _aCOMMUNICATION SYSTEM
999 _c167759
_d167759